Constitución política de Nicaragua

Bibliographic Details
Main Author: Asamblea Nacional
Format: Section = Libro
Language:Undetermined
Spanish
Published: Managua [s.e.] 2007
Subjects:
LEADER 00538nam a2200217Ia 4500
008 240830s9999 xx 000 0 und d
040 |a B-ESTELÍ- RUACS / Ref 342.02 A798 
041 |a spa 
082 |a Ref 342.02 A798 
100 1 |a Asamblea Nacional 
245 1 0 |a Constitución política de Nicaragua 
260 |a Managua  |b [s.e.]  |c 2007 
300 |a 56 p. 
650 7 |a CONSTITUCION 
650 7 |b  PRINCIPIOS 
650 7 |c  LEYES 
650 7 |d  DERECHOS 
650 7 |e  ORGANIZACIÓN 
942 |c BK  |2 ddc 
991 |a TEXTO 
999 |c 11720